| Tag |
First Indicator |
Second Indicator |
Subfields |
| LEADER |
00000cam a2200000La 4500 |
| 001 |
in00001574635 |
| 005 |
20220103181538.0 |
| 006 |
m u |
| 007 |
cr cn- |
| 008 |
001009s2000 nyu sb 001 0 eng d |
| 010 |
|
|
|z 99088477
|
| 020 |
|
|
|a 0585240442 (electronic bk.) :
|c $50.00
|
| 020 |
|
|
|z 0807739456 (cloth)
|
| 020 |
|
|
|z 0807739448 (pbk.)
|
| 035 |
|
|
|a (OCoLC)ocm44955258
|
| 040 |
|
|
|a N$T
|c N$T
|d OCL
|d UtOrBLW
|
| 043 |
|
|
|a n-cn-on
|
| 049 |
|
|
|a IKMN
|
| 050 |
1 |
4 |
|a LB2822.84.C2
|b F56 2000eb
|
| 082 |
0 |
4 |
|a 373.713
|2 21
|
| 100 |
1 |
|
|a Fink, Dean,
|d 1936-
|0 http://id.loc.gov/authorities/names/n95101964
|
| 245 |
1 |
0 |
|a Good schools/real schools :
|b why school reform doesn't last /
|c Dean Fink.
|
| 264 |
|
1 |
|a New York :
|b Teachers College Press,
|c [2000]
|
| 264 |
|
4 |
|c ©2000
|
| 300 |
|
|
|a xvii, 192 pages ;
|c 24 cm.
|
| 336 |
|
|
|a text
|b txt
|2 rdacontent
|
| 337 |
|
|
|a computer
|b c
|2 rdamedia
|
| 338 |
|
|
|a online resource
|b cr
|2 rdacarrier
|
| 490 |
1 |
|
|a The series on school reform
|
| 504 |
|
|
|a Includes bibliographical references (pages 173-184) and index.
|
| 533 |
|
|
|a Electronic reproduction.
|b Boulder, Colo. :
|c NetLibrary,
|d 2000.
|n Available via the World Wide Web.
|n Available in multiple electronic file formats.
|n Access may be limited to NetLibrary affiliated libraries.
|
| 500 |
|
|
|a Electronic resource.
|
| 610 |
2 |
0 |
|a Lord Byron High School.
|0 http://id.loc.gov/authorities/names/n99281272
|
| 650 |
|
0 |
|a School improvement programs
|z Ontario
|v Case studies.
|
| 650 |
|
0 |
|a School management and organization
|z Ontario
|v Case studies.
|
| 650 |
|
0 |
|a Schools
|z Ontario
|x Sociological aspects
|v Case studies.
|
| 655 |
|
7 |
|a Electronic books.
|2 local
|
| 710 |
2 |
|
|a NetLibrary, Inc.
|0 http://id.loc.gov/authorities/names/no99080690
|
| 776 |
1 |
|
|c Original
|w (DLC) 99088477
|w (OCoLC)42980225
|
| 830 |
|
0 |
|a Series on school reform.
|0 http://id.loc.gov/authorities/names/n94077282
|
| 856 |
4 |
1 |
|u https://proxy.library.tamu.edu/login?url=http://www.netLibrary.com/urlapi.asp?action=summary&v=1&bookid=34543
|z Connect to the full text of this electronic book
|t 0
|
| 994 |
|
|
|a 92
|b IKM
|
| 999 |
|
|
|a MARS
|
| 999 |
f |
f |
|s d79a6b37-7bf9-36ad-9ec9-9855b0ace56a
|i 4bd7956b-d6d0-3307-9953-af60dfbec29d
|t 0
|
| 952 |
f |
f |
|a Texas A&M University
|b College Station
|c Electronic Resources
|d Available Online
|t 0
|e LB2822.84.C2 F56 2000eb
|h Library of Congress classification
|
| 998 |
f |
f |
|a LB2822.84.C2 F56 2000eb
|t 0
|l Available Online
|